O cônsul honorário (Registo nº 239)

Detalhes MARC
000 -Etiqueta do registo
Cabeçalho 00674nam0a2200241 4500
005 - Identificador da versão
Campo de controlo 20240813121757.0
010 ## - Número internacional normalizado dos livros (ISBN)
Número (ISBN) 8497890671
021 ## - Número do Depósito Legal
Código do país PT
Número B. 39 202-2003
100 ## - Dados gerais de processamento
Dados gerais de processamento 20160502d2003 a e0pory5003 ba
102 ## - Pais de publicação ou produção
País de publicação Portugal
101 1# - Língua de publicação
Língua do texto, banda sonora, etc. Português
Língua do documento no original Inglês
215 ## - Descrição física 
Indicação específica da natureza do documento e extensão da espécie 282, [3] p
200 1# - Titulo e menção de responsabilidade
Título próprio O cônsul honorário
Primeira menção de responsabilidade Graham Greene
225 2# - Colecção 
Título próprio da colecção Mil folhas
Indicação de volume 74
210 ## - Publicação, Distribuição, etc. 
Lugar da edição, distribuição, etc. Porto
Nome do editor, distribuidor, etc. Público Comunicação Social
Data da publicação, distribuição, etc. cop. 2003
606 ## - Nome comum usado como assunto
Número de registo de entrada de autoridade 0002233
Palavra de ordem Literatura inglesa
Subdivisão de assunto Romance
Código do sistema CA
675 ## - Classificação Decimal Universal (CDU)
Notação 821.111-31
Edição 3ª ed.
Língua da edição por
700 #1 - Nome de autor-pessoa física (responsabilidade principal)
Número de registo de entrada de autoridade 0002840
Palavra de ordem Greene
Outra parte do nome não tomada para palavra de ordem Graham
Datas 1904-1991
966 ## - Identificação da Biblioteca
Sigla EB2,3ENM
942 ## - Elementos de entrada adicionados (Koha)
Tipo de item no Koha Livro
Exemplares
Situação do levantamento Origin of item (home branch) (coded) Biblioteca de empréstimo Código de barras Cota Circulation type (not for loan) Tipo de documento Nota do exemplar Damaged status
  Biblioteca Escolar Eng. Nuno Mergulhão Biblioteca Escolar Eng. Nuno Mergulhão BENM1058 82LE-3 GRE   Livro Sem mensagem